| 000 | 00882pam a2200277 a 4500 | ||
|---|---|---|---|
| 001 | 3997836 | ||
| 003 | OSt | ||
| 005 | 20241125114556.0 | ||
| 008 | 960425s1997 nyua 001 0 eng c | ||
| 010 | _a 96019630 | ||
| 020 | _a0412079712 | ||
| 040 |
_aDNLM/DLC _cDLC _dDLC |
||
| 050 | 0 | 0 |
_aQM551 _b.F337 1997 |
| 060 | 1 | 0 | _aQS 504 F278c 1996 |
| 082 | 0 | 0 |
_aQS 504 F281b 1997 _220 |
| 100 | 1 |
_aFawcett, Don W.; Jensh, Ronald P. _91241 |
|
| 245 | 1 | 0 |
_aBloom & Fawcett : concise histology _b |
| 246 | 3 | 0 | _aBloom and Fawcett |
| 260 |
_aNew York; _bChapman and Hall, _cc1997. |
||
| 300 |
_avii, 312 p. : _bill. (some col.) ; _c28 cm. |
||
| 500 | _aIncludes index. | ||
| 650 | 0 |
_aHistology. _9194 |
|
| 906 |
_a7 _bcbc _corignew _d1 _eocip _f19 _gy-gencatlg |
||
| 942 |
_2z _cSLOAN |
||
| 999 |
_c466 _d466 |
||